00432nam a2200145Ia 4500100001500000942000700015654000600022245002800028260003900056082001600095300000800111546001200119999001700131952013800148 aBrown/T.D  cBK aC aC for Basic programmers bTata Mc Graw hillaNew Delhic1988 a1.6424bBRO a205 aENGLISH c28315d28315 001040708CRCaCRCEbCRCEc1429 | 33d2023-03-17ePravina booksg54.00i265l0o1.6424 BROp3053r2023-03-17v54.00w2023-03-17yBK